|
|
|
|
| LEADER |
00000nab a2200000 a 4500 |
| 001 |
vtls000371336 |
| 003 |
SK-MaSNL |
| 005 |
20260304183212.0 |
| 008 |
111202c1990 xo 0 slo |
| 015 |
|
|
|a SNBRB19rr/mm-uuuuu
|
| 035 |
|
|
|a CL0371458
|
| 040 |
|
|
|a SNKBUCL
|b slo
|c SNKBUCL
|e AACR2
|
| 041 |
0 |
|
|a slo
|
| 044 |
|
|
|a xo
|c SK
|
| 080 |
|
|
|a 82:7.097
|2 1981
|
| 080 |
|
|
|a 7.097
|2 1981
|
| 080 |
|
|
|a 885.4
|2 1981
|
| 100 |
1 |
|
|a -vb-
|4 aut
|9 849380
|
| 245 |
1 |
0 |
|a Letiace tiene
|c -vb- ; Ivan Čaniga, Svetozár Hurban Vajanský
|
| 300 |
|
|
|b Fot. 1.
|
| 600 |
1 |
7 |
|a Vajanský, Svetozár Hurban,
|d 1847-1916
|2 snkbucl
|9 110614
|
| 610 |
2 |
7 |
|a Československá televízia
|2 snkbucl
|9 215938
|
| 655 |
|
7 |
|a články z novín a časopisov
|2 snkbucl
|9 267496
|
| 655 |
|
7 |
|a články z odboru literárna veda a krásna literatúra
|2 snkbucl
|9 770045
|
| 700 |
1 |
|
|a Čaniga, Ivan,
|d 1964-
|4 gup
|9 167025
|
| 773 |
0 |
|
|t Televízia
|g Roč. 25, č. 1 (1990), s. 11
|
| 850 |
|
|
|a Slovenská národná knižnica v Martine
|a MTA001
|
| 852 |
|
|
|a SNK
|b KIS3GCP
|
| 958 |
|
|
|a RK
|
| 958 |
|
|
|a LX
|
| 992 |
|
|
|a RBX
|
| 999 |
|
|
|c 3033721
|d 3035651
|